000 00533nam a2200217Ia 4500
003 OSt
005 20220928145113.0
006 a|||||r|||| 00| 0
007 ta
008 220927b |||||||| |||| 00| 0 eng d
024 _a78856
037 _cTextual
040 _aSDCL
_cSDCL
_beng
041 _2eng
_aeng
082 _aV41'N4, H5.2
245 0 _aCHINA PROPER.3V.
260 _c1945
490 _vV2:Modern history and aministration.xii,370p
942 _hV41'N4, H5.2
_cTEXL
_2CC
999 _c832045
_d832045